Tagebücher (Titelsatznr. 51808)
[ MARC ]
| 000 -Satzkennung | |
|---|---|
| Kontrollfeld mit fester Länge | 00660nac a22002171ca4500 |
| 001 - Kontrollnummer | |
| Kontrollfeld | a987667918 |
| 003 - Kontrollnummer Identifier | |
| Kontrollfeld | RU-10907106 |
| 005 - Datum und Zeit der letzten Transaktion | |
| Kontrollfeld | 20220412125922.0 |
| 008 - Feld mit fester Länge zur physischen Beschreibung - Allgemeine Angaben | |
| Kontrollfeld mit fester Länge | 170707s2013 gw |||| 000u ger d |
| 020 ## - Internationale Standardbuchnummer | |
| Internationale Standardbuchnummer | 9783835309951 |
| Verknüpfung | 978-3-8353-0995-1 |
| 040 ## - Katalogisierungsquelle | |
| Übertragungsstelle | RU-10907106 |
| Original-Katalogisierungsstelle | RU-10907106 |
| Katalogisierungssprache | ger |
| 041 ## - Sprachcode | |
| Sprachcode des Textes/der Tonspur oder des separaten Titels | ger |
| 100 1# - Haupteintragung - Personenname | |
| Personenname | Pringsheim-Dohm, Hedwig |
| Koha-Normdatenidentnummer | 2268 |
| 245 00 - Titel | |
| Titel | Tagebücher |
| Verfasserangabe etc. | Hedwig Pringsheim. Hrsg. und kommentiert von Cristina Herbst |
| 264 #1 - Produktion, Veröffentlichung, Distribution, Herstellung und Urheberrechtsvermerk | |
| Herstellungs-, Veröffentlichungs- Vertriebs-, Erzeugungsort | Göttingen : |
| Produzent, Herausgeber, Distributor, Hersteller | Wallstein Verlag, |
| Datum der Herstellung, der Veröffentlichung, des Vertriebs oder des Urheberschutzvermerks | 2013 |
| 600 #0 - Nebeneintragung unter einem Schlagwort - Personenname | |
| Personenname | Pringsheim-Dohm, Hedwig |
| Koha-Normdatenidentnummer | 2268 |
| 655 #0 - Indexierungsterm - Genre/Form | |
| Genre/Form oder fokussierter Term | Tagebuch |
| Koha-Normdatenidentnummer | 935 |
| 700 1# - Nebeneintragung - Personenname | |
| Personenname | Herbst, Cristina |
| Funktionsbezeichnung | HerausgeberIn |
| Koha-Normdatenidentnummer | 2269 |
| 942 ## - Zusätzliche Felder (Koha) | |
| Koha-Medientyp | Monographien |
| Klassifikation oder Aufstellungssystematik | Andere/Generische Klassifikation |
| Ausgeschieden | Verloren | Beschädigt | Nicht entleihbar | Heimatbibliothek | Aufenthaltsbibliothek | Aufstellungsort | Erwerbungsdatum | Inventarnummer | Signatur | Barcode | Letzte Aktivität | Preis gültig von | Koha-Medientyp |
|---|---|---|---|---|---|---|---|---|---|---|---|---|---|
| MWN Osteuropa | MWN Osteuropa | Lesesaal - 1 | 07/07/2017 | 13-02150 | D 44 v Pri 1 (Bde.) | 51822 | 23/02/2021 | 22/03/2021 | Monographien |